Infrastructural sociology / (Record no. 11687)

MARC details
000 -LEADER
fixed length control field 00643nam a2200229Ia 4500
008 - FIXED-LENGTH DATA ELEMENTS--GENERAL INFORMATION
fixed length control field 210303s9999 xx 000 0 und d
016 ## - NATIONAL BIBLIOGRAPHIC AGENCY CONTROL NUMBER
Source retro2022
020 ## - INTERNATIONAL STANDARD BOOK NUMBER
ISBN 9783487701
040 ## - CATALOGING SOURCE
Original cataloging agency NLN
Language of cataloging English
100 ## - MAIN ENTRY--AUTHOR
Author MBERU, Blessings U.
Relator term aut
245 #0 - TITLE STATEMENT
Title Infrastructural sociology /
Statement of responsibility, etc Blessings U. Mberu
250 ## - EDITION STATEMENT
Edition statement 2nd ed.
260 ## - PUBLICATION, DISTRIBUTION, ETC. (IMPRINT)
Place of publication [S.L]
Name of publisher John Jacob's Classic Publishers,
Date of publication 2009
300 ## - COLLATION
Pagination xv, 252p. :
Other physical details ill, ; 24cm.
500 ## - GENERAL NOTE
General note Bibliography: p. 338-340
563 ## - BINDING INFORMATION
Binding note (pbk)
650 ## - TRACINGS
Main Subject Sociology
Subdivision (1st) Study and teaching (Higher)
942 ## - ADDED ENTRY ELEMENTS (KOHA)
Item type Books
942 ## - ADDED ENTRY ELEMENTS (KOHA)
Suppress in OPAC No
050 ## - LIBRARY OF CONGRESS CALL NUMBER
Classification number HM571
Item number .M479
082 ## - DEWEY DECIMAL CLASSIFICATION NUMBER
Classification number 301.07
Holdings
Source of classification or shelving scheme Not for loan Home library Current library Date acquired Full call number Barcode. Koha item type
Library of Congress Classification   IBADAN BRANCH LIBRARY National Library of Nigeria 04/03/2021 HM571 .M479 2024-555555550995365 Books

National Library of Nigeria OPAC is powered by Koha